[Event "IND-ch U15 49th"]
[Site "Hosur"]
[Date "2024.11.05"]
[Round "4"]
[White "Jaiveer, Mahendru"]
[Black "Jack, Samuel"]
[Result "1-0"]
[WhiteElo "2273"]
[BlackElo "1844"]
[PlyCount "73"]
[EventDate "2024.11.03"]
[EventType "swiss"]
[EventRounds "11"]
[EventCountry "IND"]
[SourceTitle "CB45_2024"]
[Source "ChessBase"]
[SourceDate "2024.11.06"]
[SourceVersion "1"]
[SourceVersionDate "2024.11.06"]
[SourceQuality "1"]

1. e4 e6 2. d4 d5 3. Nc3 dxe4 4. Nxe4 Bd7 5. Nf3 Bc6 6. Bd3 Nd7 7. Bf4 Ngf6 8. Qe2 Nxe4 9. Bxe4 Bxe4 10. Qxe4 c6 11. 0-0-0 Nf6 12. Qe2 Bb4 13. Kb1 Qb6 14. c4 Qa5 15. c5 Nd5 16. Bd6 Qd8 17. Ne5 Ba5 18. Qf3 Qf6 19. Qb3 Qf5+ 20. Ka1 Bb4 21. g4 Qe4 22. f3 Qe3 23. Rd3 Qe2 24. a3 a5 25. axb4 axb4+ 26. Kb1 f6 27. Nc4 Nc3+ 28. Rxc3 bxc3 29. Qxc3 Ra4 30. Nb6 Ra6 31. Re1 Qf2 32. Rxe6+ Kd8 33. Bg3 Qf1+ 34. Re1 Qb5 35. Qe3 Rxb6 36. Qe7+ Kc8 37. Qc7# 1-0